[Event "GER-chT U20"]
[Site "Muenster"]
[Date "2022.12.30"]
[Round "7"]
[White "Kamp, Adrian"]
[Black "Englaender, Leon Arne"]
[Result "1-0"]
[WhiteElo "1979"]
[BlackElo "1772"]
[PlyCount "107"]
[EventDate "2022.12.26"]
[EventType "team-swiss"]
[EventRounds "7"]
[EventCountry "GER"]
[SourceTitle "CBM 212 Extra"]
[Source "ChessBase"]
[SourceDate "2023.03.31"]
[SourceVersion "1"]
[SourceVersionDate "2023.03.31"]
[SourceQuality "1"]
[WhiteTeam "Muenster"]
[BlackTeam "Biebertal"]
[WhiteTeamCountry "GER"]
[BlackTeamCountry "GER"]

1. e4 e5 2. Nf3 Nc6 3. d4 exd4 4. Bc4 Nf6 5. e5 d5 6. Bb5 Ne4 7. Nxd4 Bc5 8. Be3 0-0 9. Nxc6 bxc6 10. Bxc5 Nxc5 11. Bxc6 Rb8 12. Qxd5 Qxd5 13. Bxd5 Rxb2 14. Na3 Be6 15. 0-0-0 Rb4 16. f3 Rfb8 17. Rhe1 Na4 18. Bxe6 fxe6 19. Rd3 Nb6 20. Rb3 Nd5 21. Rd1 Kf7 22. Nb1 c5 23. Rxb4 Rxb4 24. g3 Kg6 25. Rd3 Kf5 26. f4 h6 27. Nc3 Nxc3 28. Rxc3 c4 29. Ra3 g5 30. fxg5 hxg5 31. Rxa7 Kxe5 32. Ra5+ Kf6 33. c3 Rb8 34. h4 gxh4 35. gxh4 Rh8 36. h5 e5 37. h6 Kf5 38. Ra6 Ke4 39. Kd2 Rd8+ 40. Ke2 Rd3 41. Rc6 Rxc3 42. h7 Rc2+ 43. Kf1 Rh2 44. Rxc4+ Kd3 45. Rc7 e4 46. Rd7+ Ke3 47. a4 Rh6 48. a5 Rf6+ 49. Kg2 Rg6+ 50. Kh3 Rh6+ 51. Kg4 Kf2 52. Rf7+ Ke2 53. a6 e3 54. a7 1-0

[Event "GER-chT U20"]
[Site "Muenster"]
[Date "2022.12.29"]
[Round "6"]
[White "Englaender, Leon Arne"]
[Black "Helmsdorf, Marius"]
[Result "0-1"]
[WhiteElo "1772"]
[BlackElo "1657"]
[PlyCount "46"]
[EventDate "2022.12.26"]
[EventType "team-swiss"]
[EventRounds "7"]
[EventCountry "GER"]
[SourceTitle "CBM 212 Extra"]
[Source "ChessBase"]
[SourceDate "2023.03.31"]
[SourceVersion "1"]
[SourceVersionDate "2023.03.31"]
[SourceQuality "1"]
[WhiteTeam "Biebertal"]
[BlackTeam "Gera"]
[WhiteTeamCountry "GER"]
[BlackTeamCountry "GER"]

1. e4 e6 2. Nc3 d5 3. Nf3 Nf6 4. e5 Nfd7 5. d4 c5 6. dxc5 Nc6 7. Bf4 Bxc5 8. Bd3 a6 9. Bg3 h6 10. 0-0 b5 11. Re1 0-0 12. a3 Nb6 13. b3 b4 14. Nb1 bxa3 15. Nxa3 Bb4 16. Re2 Bc3 17. Rb1 Qe7 18. Qc1 Nb4 19. Qe3 d4 20. Nxd4 N6d5 21. Qe4 Nxd3 22. Nc4 Nc5 23. Nf5 Qg5 0-1

[Event "GER-chT U20"]
[Site "Willingen"]
[Date "2021.06.24"]
[Round "2"]
[White "Klaus, Daniel"]
[Black "Englaender, Leon Arne"]
[Result "0-1"]
[WhiteElo "1919"]
[BlackElo "1769"]
[PlyCount "144"]
[EventDate "2021.06.24"]
[EventType "team-swiss"]
[EventRounds "7"]
[EventCountry "GER"]
[SourceTitle "CBM 203 Extra"]
[Source "ChessBase"]
[SourceDate "2021.09.30"]
[SourceVersion "1"]
[SourceVersionDate "2021.09.30"]
[SourceQuality "1"]
[WhiteTeam "Essen Katernberg"]
[BlackTeam "Biebertal"]
[WhiteTeamCountry "GER"]
[BlackTeamCountry "GER"]

1. e4 e5 2. d4 exd4 3. Nf3 Nc6 4. Bc4 Nf6 5. e5 d5 6. Bb5 Ne4 7. Nxd4 Bd7 8. Bxc6 bxc6 9. 0-0 Bc5 10. f3 Ng5 11. f4 Ne4 12. Be3 Rb8 13. Nd2 Nxd2 14. Qxd2 Bb6 15. Nb3 0-0 16. f5 Re8 17. Bxb6 cxb6 18. f6 Rxe5 19. fxg7 Qe7 20. Qf4 Re8 21. Nd2 Rf5 22. Qg3 Qe3+ 23. Qxe3 Rxe3 24. Nf3 Rf6 25. Rae1 Rxe1 26. Rxe1 Re6 27. Rf1 Re2 28. Ng5 Be6 29. Rf2 Re1+ 30. Rf1 Rxf1+ 31. Kxf1 d4 32. a3 Bd5 33. g3 Kxg7 34. Nh3 Be4 35. c3 dxc3 36. bxc3 Kf6 37. Ke2 Ke5 38. Ke3 a5 39. Ng5 Bg6 40. Nf3+ Kd5 41. g4 Kc4 42. Ne5+ Kxc3 43. Nxc6 Kb3 44. Kd4 Kxa3 45. h4 Kb2 46. h5 Bb1 47. Ne5 a4 48. Nc4+ Kb3 49. Nd2+ Kc2 50. Nc4 Ba2 51. Na3+ Kb3 52. Nb5 Bb1 53. Ke5 a3 54. Nxa3 Kxa3 55. Kf6 b5 56. Kxf7 b4 57. Kf6 b3 58. g5 b2 59. g6 hxg6 60. h6 g5 61. Kxg5 Bc2 62. h7 Bxh7 63. Kf6 b1Q 64. Ke6 Qe4+ 65. Kd6 Kb4 66. Kd7 Qd5+ 67. Ke7 Qc6 68. Kf7 Kc5 69. Ke7 Bg6 70. Kf8 Qc7 71. Kg8 Qf7+ 72. Kh8 Qf8# 0-1

[Event "Hessen-ch U14"]
[Site "Bad Homburg"]
[Date "2015.03.30"]
[Round "2"]
[White "Englaender, Leon Arne"]
[Black "Lange, Lars"]
[Result "1/2-1/2"]
[WhiteElo "1371"]
[BlackElo "1290"]
[PlyCount "88"]
[EventDate "2015.03.30"]
[EventType "swiss"]
[EventRounds "7"]
[EventCountry "GER"]
[SourceTitle "EXT 2017"]
[Source "ChessBase"]
[SourceDate "2016.10.25"]
[SourceVersion "1"]
[SourceVersionDate "2016.10.25"]
[SourceQuality "1"]

1. e4 e6 2. d4 d5 3. e5 c5 4. c3 Nc6 5. Nf3 Qb6 6. Be2 cxd4 7. cxd4 Nge7 8. b3 Nf5 9. Bb2 Be7 10. 0-0 0-0 11. Qd2 Bd7 12. Bd1 Bb4 13. Qd3 Rac8 14. a3 Be7 15. b4 a6 16. Bc2 g6 17. Qd2 Ng7 18. Nc3 f6 19. Na4 Qd8 20. Nc5 Rc7 21. Qe2 fxe5 22. Nxe5 Nxe5 23. Qxe5 Bf6 24. Qe2 Bb5 25. Bd3 Bxd3 26. Qxd3 Qd6 27. Rae1 Re8 28. f4 Rce7 29. g3 Nf5 30. Rf2 Ra8 31. Rfe2 Kf7 32. a4 a5 33. b5 b6 34. Na6 Qd7 35. Rc1 Rc8 36. Rxc8 Qxc8 37. Rc2 Qd8 38. Rc6 Nd6 39. Ba3 Rd7 40. Bxd6 Rxd6 41. Rc7+ Rd7 42. Rxd7+ Qxd7 43. Nb8 Qd6 44. Nc6 h5 1/2-1/2

[Event "Hessen-ch U12"]
[Site "Bad Homburg"]
[Date "2013.??.??"]
[Round "1"]
[White "Dietl, Vinzent"]
[Black "Englaender, Leon Arne"]
[Result "0-1"]
[WhiteElo "711"]
[BlackElo "986"]
[PlyCount "60"]
[EventDate "2013.03.??"]
[EventType "swiss"]
[EventRounds "9"]
[EventCountry "GER"]
[SourceTitle "EXT 2014"]
[Source "ChessBase"]
[SourceDate "2013.11.20"]
[SourceVersion "1"]
[SourceVersionDate "2013.11.20"]
[SourceQuality "1"]

1. e4 e6 2. Nc3 d5 3. Nf3 dxe4 4. Nxe4 Bd7 5. Nc5 Bxc5 6. d4 Bd6 7. Bd3 h6 8. Bd2 Ne7 9. Qe2 Nbc6 10. Bc4 Bb4 11. c3 Bd6 12. Qe4 Na5 13. Ne5 Bxe5 14. Qxe5 Ng6 15. Qxa5 b6 16. Qa3 a5 17. d5 Ne5 18. b3 Nxc4 19. bxc4 exd5 20. cxd5 Bf5 21. 0-0 Qxd5 22. Rfe1+ Be6 23. Rac1 Qxd2 24. Rcd1 Qg5 25. Qa4+ Kf8 26. f4 Qc5+ 27. Kh1 g6 28. Rd3 Kg7 29. Re5 Qc4 30. Rd4 Qf1# 0-1

[Event "Hessen-ch U12"]
[Site "Bad Homburg"]
[Date "2013.??.??"]
[Round "3"]
[White "Dolaberidze, Nico"]
[Black "Englaender, Leon Arne"]
[Result "0-1"]
[WhiteElo "767"]
[BlackElo "986"]
[PlyCount "70"]
[EventDate "2013.03.??"]
[EventType "swiss"]
[EventRounds "9"]
[EventCountry "GER"]
[SourceTitle "EXT 2014"]
[Source "ChessBase"]
[SourceDate "2013.11.20"]
[SourceVersion "1"]
[SourceVersionDate "2013.11.20"]
[SourceQuality "1"]

1. e4 e6 2. d4 d5 3. exd5 exd5 4. Nc3 Nf6 5. h3 Nc6 6. Nf3 Bf5 7. Bb5 Qd7 8. 0-0 Bd6 9. Bg5 a6 10. Bxc6 Qxc6 11. Re1+ Ne4 12. Qd2 f6 13. Bf4 0-0-0 14. Nxe4 dxe4 15. Nh4 Bxf4 16. Qxf4 g6 17. Nxf5 gxf5 18. Qxf5+ Kb8 19. Qxf6 Qxf6 20. Rxe4 Rxd4 21. Re2 Rhd8 22. Kh2 Rd2 23. Rxd2 Rxd2 24. Rc1 Qxf2 25. Rg1 h5 26. b3 h4 27. c4 Re2 28. Kh1 c5 29. a3 Qg3 30. b4 cxb4 31. axb4 b6 32. c5 bxc5 33. bxc5 Kc7 34. c6 a5 35. Re1 Qxg2# 0-1